Sports Quiz

Random Sports or MLB Quiz

MLB HR Leaders (2000s) Quiz Stats

 Plays Quiz Updated Oct 12, 2015

Score 0/28 Timer 08:00
5 Plays Today
HRs Player % Correct
435 Alex Rodriguez
92.2%
317Barry Bonds
88.9%
273Sammy Sosa
88.2%
366Albert Pujols
81.1%
307David Ortiz
78.5%
348Manny Ramirez
75.3%
258Aramis Ramirez
74.3%
368 Jim Thome
71.3%
273Chipper Jones
64.4%
308Andruw Jones
64.2%
260Todd Helton
52.1%
303Jason Giambi
51.7%
316 Adam Dunn
49.9%
324 Carlos Delgado
48.4%
HRs Player % Correct
251Carlos Beltran
48.3%
291Carlos Lee
46.4%
270 Derrek Lee
46.4%
295Paul Konerko
46.3%
309 Lance Berkman
46.1%
315 Vladimir Guerrero
45.6%
273Gary Sheffield
44.5%
261Jim Edmonds
37.7%
289Alfonso Soriano
37.2%
251Miguel Tejada
34.8%
274 Troy Glaus
32%
264Richie Sexson
29.5%
274Jermaine Dye
29.3%
265 Pat Burrell
17.6%

You're not logged in!

Compare scores with friends on all Sporcle quizzes.
OR
Log In

Sporcle TV

Today on Sporcle TV


Watch our educational content, quiz creation guides, and fun videos on Sporcle TV.

Show Comments

Extras

Top Quizzes Today


Score Distribution

Your Account Isn't Verified!

In order to create a playlist on Sporcle, you need to verify the email address you used during registration. Go to your Sporcle Settings to finish the process.

Report this User

Report this user for behavior that violates our Community Guidelines.

Details: